Zlato a striebro bez tajomstva

Bibliographic Details
Main Author: Kamenický, Miroslav, 1962- (Author)
Format: Article
Language:Slovak
ISBN:8070907886
Subjects:

MARC

LEADER 00000nab a2200000 ar4500
001 vtls008888494
003 SK-MaSNL
005 20260304012146.0
008 061206c2005 xo |r|p|||||||000 b|slo
015 |a SNBRA2006/12  |2 snkbucl 
038 |a SNKBUCL 
040 |a SNKBUCL  |b slo  |c SNKBUCL  |e AACR2 
041 0 |a slo 
044 |a xo  |c SK 
080 |a 622.776:549.286:549.282:061.3  |x (437.6)  |x "1786"  |2 2001 
080 |a 94(437.6)"17"  |2 2001 
100 1 |a Kamenický, Miroslav,  |d 1962-  |4 aut  |9 232742 
245 1 0 |a Zlato a striebro bez tajomstva  |c Miroslav Kamenický 
600 1 7 |a Born, Ignác Anton,  |d 1742-1791  |2 snkbucl  |9 52451 
648 7 |a 1786  |2 snkbucl  |9 1291568 
650 0 7 |a zlato  |2 snkbucl  |9 17575 
650 0 7 |a striebro  |2 snkbucl  |9 24817 
650 0 7 |a amalgamácia  |2 snkbucl  |9 19493 
650 0 7 |a medzinárodné kongresy  |2 snkbucl  |9 75241 
651 7 |a Sklené Teplice (Slovensko)  |2 snkbucl  |9 59318 
773 0 |t Národný kalendár 2006  |d Martin : Matica slovenská, 2005  |g S. 69-70  |z 8070907886 
852 |a SNK  |b KIS3GCP 
999 |c 2570174  |d 2572104